000 00252nam a22001097a 4500
008 170119b xxu||||| |||| 00| 0 eng d
020 _a9781608310876
041 _aeng
080 _23RD
_a618.2
245 _aFAMILY MEDICINE
_cLIPSKY, M.S
942 _2udc
_cBK
999 _c3191
_d3191